PSICROMETRÍA : principios básicos y protocolos experimentales diversos /
Manual técnico sobre principios y protocolos experimentales en psicrometría.
Gespeichert in:
| 1. Verfasser: | |
|---|---|
| Weitere Verfasser: | |
| Format: | E-Book |
| Sprache: | Spanisch |
| Veröffentlicht: |
Ciudad de México :
Universidad Nacional Autónoma de México, Facultad de Química,
2022.
|
| Ausgabe: | Primera edición electrónica. |
| Schlagworte: | |
| Online-Zugang: | https://elibro.unach.elogim.com/es/lc/unach/titulos/279099 |
| Tags: |
Tag hinzufügen
Keine Tags, Fügen Sie den ersten Tag hinzu!
|
MARC
| LEADER | 00000nam a2200000 i 4500 | ||
|---|---|---|---|
| 001 | ELB279099 | ||
| 003 | FINmELB | ||
| 005 | 202507220000.0 | ||
| 006 | m o d | | ||
| 007 | cr cnu|||||||| | ||
| 008 | 250720s2022 mx ob 000 0 spa d | ||
| 020 | |a 9786073059183 |q (ebook) | ||
| 035 | |a (OCoLC)1528758534 | ||
| 040 | |a FINmELB |b spa |e rda |c FINmELB | ||
| 041 | 0 | |a spa | |
| 050 | 4 | |a QC980 |b .A248 2022 | |
| 080 | |a 628.4 | ||
| 082 | 0 | 4 | |a 628.4 |2 23 |
| 100 | 1 | |a Acevedo Chávez, Rodolfo, |e autor. | |
| 245 | 1 | 0 | |a PSICROMETRÍA : |b principios básicos y protocolos experimentales diversos / |c Rodolfo Acevedo Chávez y María Eugenia Costas Basin. |
| 250 | |a Primera edición electrónica. | ||
| 264 | 1 | |a Ciudad de México : |b Universidad Nacional Autónoma de México, Facultad de Química, |c 2022. | |
| 300 | |a 1 recurso en línea | ||
| 336 | |a texto |b txt |2 rdacontent/spa | ||
| 337 | |a computadora |b c |2 rdamedia/spa | ||
| 338 | |a recurso en línea |b cr |2 rdacarrier/spa | ||
| 504 | |a Incluye bibliografía. | ||
| 520 | |a Manual técnico sobre principios y protocolos experimentales en psicrometría. | ||
| 588 | |a Descripción basada en metadatos suministrados por el editor y otras fuentes. | ||
| 590 | |a Recurso electrónico. Santa Fe, Arg.: elibro, 2025. Disponible vía World Wide Web. El acceso puede estar limitado para las bibliotecas afiliadas a elibro. | ||
| 650 | 4 | |a Psicrometría. | |
| 650 | 4 | |a Instrumentación científica. | |
| 650 | 4 | |a Química aplicada. | |
| 655 | 4 | |a Libros electrónicos. | |
| 700 | 1 | |a Costas Basin, María Eugenia, |e autora. | |
| 797 | 2 | |a elibro, Corp. | |
| 856 | 4 | 0 | |u https://elibro.unach.elogim.com/es/lc/unach/titulos/279099 |